Normal view
MARC view
- Movimientos estudiantiles
Entry Materia
001 - NÚMERO DE CONTROL DEL REGISTRO
- campo de control: 18475
003 - IDENTIFICADOR DE NUMERO DE CONTROL
- campo de control: MX-MxUPN
005 - FECHA Y HORA DE LA ÚLTIMA TRANSACCIÓN
- campo de control: 20230606110058.0
008 - DATOS DE LONGITUD FIJA
- campo de control de longitud fija: 230606n||acnnn|abn | ana |d
035 ## - NÚMERO DE CONTROL DEL SISTEMA
- Número de control del sistema: UPN10000018483
040 ## - FUENTE DE LA CATALOGACIÓN
- Centro catalogador de origen: MX-MxUPN
- Lengua de catalogación: spa
- Agencia de transcripción: MX-MxUPN
150 ## - ENCABEZAMIENTO - TEMÁTICO
- Término de materia o nombre geográfico como elemento inicial: Movimientos estudiantiles
- Subdivisión geográfica: Ciudad de México
- Subdivisión de forma: Trabajos pictóricos
670 ## - FUENTE EN LA QUE SE LOCALIZARON DATOS
- Cita de la fuente: LC/P
- Información localizada: Students movements - Mexico - Mexico City - Pictorial works
902 ## - CATALOGADOR
- Catalogador: MCM/060711
